| Tag |
First Indicator |
Second Indicator |
Subfields |
| LEADER |
00000cam a2200000Mi 4500 |
| 001 |
in00003545792 |
| 006 |
m o d |
| 007 |
cr nn|008mamaa |
| 008 |
100805s1994 gw a ob 001 0 eng |
| 005 |
20260422203413.0 |
| 020 |
|
|
|a 9783540483885
|q (electronic bk.)
|
| 020 |
|
|
|a 3540483888
|q (electronic bk.)
|
| 020 |
|
|
|z 9783540579304
|
| 024 |
7 |
|
|a 10.1007/BFb0030907
|2 doi
|
| 035 |
|
|
|a (OCoLC)864569734
|
| 040 |
|
|
|a Nz
|b eng
|e pn
|c UV0
|d OCLCO
|d GW5XE
|d OCLCQ
|d OCLCO
|d OCLCF
|d OCLCQ
|d OCLCO
|d UtOrBLW
|
| 049 |
|
|
|a TXAM
|
| 050 |
|
4 |
|a QP1
|b .R48 1994eb
|
| 072 |
|
7 |
|a MFG
|2 bicssc
|
| 072 |
|
7 |
|a MED075000
|2 bisacsh
|
| 082 |
0 |
4 |
|a 612
|2 23
|
| 245 |
0 |
0 |
|a Reviews of physiology, biochemistry and pharmacology.
|n 125 /
|c editors, M.P. Blaustein, Baltimore, H. Grunicke, Innsbruck, E. Habermann, Gie€en, D. Pette, Konstanz, H. Reuter, Bern, B. Sakmann, Heidelberg, M. Schweiger, Berlin, E.R. Weibel, Bern, E.M. Wright, Los Angeles.
|
| 264 |
|
1 |
|a Berlin :
|b Springer-Verlag,
|c [1994]
|
| 264 |
|
4 |
|c ©1994
|
| 300 |
|
|
|a 1 online resource (192 pages) :
|b illustrations.
|
| 336 |
|
|
|a text
|b txt
|2 rdacontent
|
| 337 |
|
|
|a computer
|b c
|2 rdamedia
|
| 338 |
|
|
|a online resource
|b cr
|2 rdacarrier
|
| 347 |
|
|
|a text file
|b PDF
|2 rda
|
| 490 |
1 |
|
|a Reviews of Physiology, Biochemistry and Pharmacology,
|x 0303-4240 ;
|v 125
|
| 504 |
|
|
|a Includes bibliographical references and index.
|
| 500 |
|
|
|a Electronic resource.
|
| 650 |
|
0 |
|a Physiology.
|
| 650 |
|
0 |
|a Biochemistry.
|
| 650 |
|
0 |
|a Pharmacology.
|
| 650 |
|
7 |
|a Biochemistry.
|2 fast
|0 (OCoLC)fst00831961
|
| 650 |
|
7 |
|a Pharmacology.
|2 fast
|0 (OCoLC)fst01060259
|
| 650 |
|
7 |
|a Physiology.
|2 fast
|0 (OCoLC)fst01063177
|
| 655 |
|
7 |
|a Electronic books.
|2 local
|
| 700 |
1 |
|
|a Blaustein, Mordecai P.,
|e editor.
|
| 700 |
1 |
|
|a Grunicke, Hans H.,
|d 1935-
|e editor.
|
| 700 |
1 |
|
|a Habermann, E.,
|e editor.
|
| 700 |
1 |
|
|a Pette, Dirk,
|d 1933-
|e editor.
|
| 700 |
1 |
|
|a Reuter, H.,
|e editor.
|
| 700 |
1 |
|
|a Sakmann, Bert,
|d 1942-
|e editor.
|
| 700 |
1 |
|
|a Schweiger, M.,
|e editor.
|
| 700 |
1 |
|
|a Weibel, Ewald R.,
|e editor.
|
| 700 |
1 |
|
|a Wright, E. M.,
|e editor.
|
| 710 |
2 |
|
|a SpringerLink (Online service)
|
| 776 |
1 |
8 |
|i Printed edition:
|z 9783540579304
|
| 830 |
|
0 |
|a Reviews of Physiology, Biochemistry and Pharmacology ;
|v 125.
|x 0303-4240
|
| 856 |
4 |
0 |
|u http://proxy.library.tamu.edu/login?url=https://link.springer.com/10.1007/BFb0030907
|z Connect to the full text of this electronic book
|t 0
|
| 994 |
|
|
|a 92
|b TXA
|
| 999 |
|
|
|a MARS
|
| 999 |
f |
f |
|s 380fc8f4-96b6-3717-b693-9ef40a9d54e2
|i 9e5712a9-5a2e-3af0-b52d-323faf3bf340
|t 0
|
| 952 |
f |
f |
|a Texas A&M University
|b College Station
|c Electronic Resources
|s www_evans
|d Available Online
|t 0
|e QP1 .R48 1994eb
|h Library of Congress classification
|
| 998 |
f |
f |
|a QP1 .R48 1994eb
|t 0
|l Available Online
|